| 000 | 00508nam a22001817a 4500 | ||
|---|---|---|---|
| 005 | 20161206102849.0 | ||
| 010 | _aENG-116336 | ||
| 020 |
_a9789351950356 _c350.00 |
||
| 035 | _aEN-99868 | ||
| 037 | _bDBAD/PUB | ||
| 082 | _aN | ||
| 100 | _aChattopadhyay,Bhaskar | ||
| 245 |
_aPatang / _cby Bhaskar Chattopadhyay |
||
| 260 |
_aGurgaon _bHachette Book Publishing _c2016 |
||
| 270 |
_a\4th/5th Floor, Corporete Center,Sector 44 _bGugaon _e122003 |
||
| 300 |
_a243p. _c20cm(pbk) |
||
| 942 |
_2ddc _cEN _hN _mCHA |
||
| 999 |
_c104342 _d104342 |
||